000 00942nam a2200277 i 4500
001 bg
003 BPK
005 20200428143121.0
008 981023s1987 pl a f |000 0 pol
015 _aPB 1987/7559
020 _a8320408636
040 _aWA N
_cBPK
041 0 _apol
080 _a51
080 _a(075.8+076)
100 1 _aŻakowski, Wojciech
_d(1929-1993)
_eAutor
245 1 0 _aMatematyka :
_bćwiczenia problemowe dla politechnik /
_cWojciech Żakowski.
260 _aWarszawa :
_bWydawnictwa Naukowo-Techniczne,
_c1987.
300 _a246, [2] s. :
_brys., wykr. ;
_c24 cm.
504 _aBibliogr. s. [247].
650 4 _aMatematyka
_xszkoły wyższe.
655 4 _aĆwiczenia i zadania dla szkół wyższych
710 2 _aWydawnictwa Naukowo-Techniczne
_4pbl.
856 _uhttp://koha.tu.koszalin.pl/cgi-bin/koha/opac-detail.pl?biblionumber=35867
_yKatalog online BPK
942 _2UKD
_cKS
999 _c35867
_d35867